000
00324nam a22001337a 4500
008
170526b xxu||||| |||| 00| 0 eng d
020
_a
0792327373
041
_a
eng
080
_a
331.103
100
_a
27
101
_a
IM
245
_a
REAL TIME FAULT MONITORING OF INDUSTRIAL PROCESSES
_c
POULIEZOS, A.D
942
_2
udc
_c
BK
999
_c
14486
_d
14486